Zmeny v legislatívnych úpravách týkajúce sa ochrany zdravia pri práci účinné od 1. mája 2010
Zmeny vyplývajúce zo zákona č. 132/2010 Z. z., ktorým sa mení a dpĺňa zákon č. 355/2007 Z. z. o ochrane, podpore a rozvoji verejného zdravia a o zmene a doplnení niektorých zákonov v znení neskorších predpisov. Zabezpečenie pracovnej zdravotnej služby. Zloženie tímu pracovnej zdravotnej služby. Doh...
Saved in:
| Main Author: | |
|---|---|
| Format: | Book Chapter |
| Language: | Slovak |
| Subjects: | |
| Tags: |
No Tags, Be the first to tag this record!
|
MARC
| LEADER | 00000naa a2200000 4500 | ||
|---|---|---|---|
| 001 | 0117417 | ||
| 005 | 20231109100733.9 | ||
| 041 | 0 | |a slo | |
| 044 | |a SK | ||
| 245 | 1 | 0 | |a Zmeny v legislatívnych úpravách týkajúce sa ochrany zdravia pri práci účinné od 1. mája 2010 |c Ľudmila Ondrejková |
| 520 | |a Zmeny vyplývajúce zo zákona č. 132/2010 Z. z., ktorým sa mení a dpĺňa zákon č. 355/2007 Z. z. o ochrane, podpore a rozvoji verejného zdravia a o zmene a doplnení niektorých zákonov v znení neskorších predpisov. Zabezpečenie pracovnej zdravotnej služby. Zloženie tímu pracovnej zdravotnej služby. Dohľad na zdravie zamestnancov. Aktuálny stav na Slovensku. Rekondičné pobyty alebo rehabilitácia zamestnancov v súvislosti s prácou. | ||
| 610 | 2 | 0 | |a legislatíva |
| 610 | 2 | 0 | |a zákony |
| 610 | 2 | 0 | |a ochrana zdravia |
| 610 | 2 | 0 | |a zamestnanci |
| 610 | 2 | 0 | |a zamestnávatelia |
| 610 | 2 | 0 | |a práca |
| 610 | 2 | 0 | |a podmienky pracovné |
| 610 | 2 | 0 | |a služby |
| 610 | 2 | 0 | |a rehabilitácia zdravotná |
| 100 | 1 | |a Ondrejková, Ľudmila | |